| 000 | 00557 a2200169 4500 | ||
|---|---|---|---|
| 003 | OSt | ||
| 005 | 20250704120744.0 | ||
| 008 | 250704b |||||||| |||| 00| 0 eng d | ||
| 020 | _a9788119662395 | ||
| 040 | _coclc | ||
| 082 |
_a541.33 _bKOT/S |
||
| 100 |
_aKothiyal, N C _910607 |
||
| 245 |
_aSurface Chemistry: _bApplications in Science & Engineering / _cN.C. Kothiyal, Gagandeep Kaur, Harleen Singh |
||
| 260 |
_aNew Delhi: _bAne Books Pvt. Ltd _c2024. |
||
| 300 | _a204 pages | ||
| 942 |
_2ddc _cBK _h541.33 _iKOT/S _k541.33 _mKOT/S |
||
| 999 |
_c44610 _d44610 |
||